[Event "Hasselbacken Open 2016"]
[Site "Stockholm SWE"]
[Date "2016.05.02"]
[Round "3.7"]
[White "Lindberg, Bo 1984"]
[Black "Tkachiev, Vladislav"]
[Result "1/2-1/2"]
[WhiteTitle "FM"]
[BlackTitle "GM"]
[WhiteElo "2397"]
[BlackElo "2660"]
[WhiteFideId "1705997"]
[BlackFideId "618438"]
[EventDate "2016.04.30"]

1. d4 d6 2. Nf3 g6 3. c4 Bg7 4. g3 Nf6 5. Bg2 O-O 6. O-O Nbd7 7. Nc3 e5 8. e4
exd4 9. Nxd4 Re8 10. h3 a6 11. Re1 Rb8 12. Rb1 Ne5 13. b3 c5 14. Nc2 b5 15. cxb5
axb5 16. f4 Ned7 17. Qxd6 Nh5 18. Qd3 c4 19. Qe3 b4 20. Nd5 Qa5 21. a3 bxa3 22.
Bxa3 Rxb3 23. Rxb3 cxb3 24. Qxb3 Bd4+ 25. Kh2 Bf2 26. Re3 Bxe3 27. Ncxe3 Nc5 28.
Qb4 Qxb4 29. Bxb4 Nxe4 30. g4 Nhf6 31. Ne7+ Rxe7 32. Bxe7 Be6 33. Bd8 Nd5 1/2-1/2

[Event "Hasselbacken Open 2016"]
[Site "Stockholm SWE"]
[Date "2016.05.02"]
[Round "3.8"]
[White "Sethuraman, S.P."]
[Black "Aguera Naredo, Javier"]
[Result "1-0"]
[WhiteTitle "GM"]
[BlackTitle "FM"]
[WhiteElo "2658"]
[BlackElo "2369"]
[WhiteFideId "5021596"]
[BlackFideId "2204169"]
[EventDate "2016.04.30"]

1. d4 g6 2. e4 Bg7 3. Nc3 d6 4. Be3 Nf6 5. Qd2 c6 6. Bh6 Bxh6 7. Qxh6 Qa5 8. Bd3
c5 9. d5 Nbd7 10. Nf3 c4 11. Bxc4 Qc5 12. Bb5 Qxf2+ 13. Kxf2 Ng4+ 14. Ke2 Nxh6
15. e5 dxe5 16. Nxe5 Nf5 17. Rae1 Nd6 18. Kd2 f6 19. Nd3 Kd8 20. a4 Nb6 21. Nc5
Nbc4+ 22. Bxc4 Nxc4+ 23. Kc1 b6 24. Ne6+ Kd7 25. b3 Ne5 26. Rd1 Bb7 27. Rhe1
Rac8 28. Ne4 Nf7 29. c4 Rce8 30. Kb2 Kc8 31. b4 Kb8 32. c5 Ne5 33. Kc3 Bc8 34.
Nd4 Rd8 35. Nb5 Bf5 36. Ng3 Rc8 37. c6 a6 38. Nxf5 gxf5 39. Nd4 f4 40. b5 Rhg8
41. bxa6 Rxg2 42. a5 bxa5 43. Rb1+ Ka7 44. Rb7+ Kxa6 45. Reb1 a4 46. Ne6 1-0

[Event "Hasselbacken Open 2016"]
[Site "Stockholm SWE"]
[Date "2016.05.02"]
[Round "3.9"]
[White "Forsberg, Viktor"]
[Black "Predojevic, Borki"]
[Result "1/2-1/2"]
[WhiteTitle "FM"]
[BlackTitle "GM"]
[WhiteElo "2370"]
[BlackElo "2654"]
[WhiteFideId "1707914"]
[BlackFideId "930849"]
[EventDate "2016.04.30"]

1. e4 c5 2. Nf3 e6 3. d4 cxd4 4. Nxd4 a6 5. Nc3 b5 6. Bd3 Bb7 7. O-O Nc6 8. Nxc6
Bxc6 9. Re1 Bc5 10. Be3 Bxe3 11. Rxe3 Ne7 12. Qg4 Ng6 13. e5 Qh4 14. Qxh4 Nxh4
15. Be4 Rc8 16. Bxc6 Rxc6 17. Re4 Ng6 18. Rd1 Ke7 19. Red4 Rd8 20. f4 d5 21.
exd6+ Rcxd6 22. Rxd6 Rxd6 23. g3 Rc6 24. a3 Rc4 25. Kf2 f5 26. Rd2 e5 27. Nd5+
Ke6 28. Ne3 Re4 29. fxe5 Nxe5 30. Rd8 f4 31. gxf4 Rxf4+ 32. Kg2 Re4 33. Kf2 Rf4+
34. Kg2 Re4 35. Kf2 Rf4+ 36. Ke2 1/2-1/2

[Event "Hasselbacken Open 2016"]
[Site "Stockholm SWE"]
[Date "2016.05.02"]
[Round "3.10"]
[White "Vidit, Santosh Gujrathi"]
[Black "Schneider, Stefan"]
[Result "1/2-1/2"]
[WhiteTitle "GM"]
[WhiteElo "2648"]
[BlackElo "2359"]
[WhiteFideId "5029465"]
[BlackFideId "1703013"]
[EventDate "2016.04.30"]

1. d4 d5 2. c4 dxc4 3. e3 e5 4. Bxc4 exd4 5. exd4 Nf6 6. Nf3 Bd6 7. O-O O-O 8.
h3 Nc6 9. Nc3 h6 10. Re1 Bf5 11. Ne5 Bxe5 12. dxe5 Qxd1 13. Nxd1 Nd7 14. f4 Nb6
15. Bf1 Rad8 16. b3 Bd3 17. Ba3 Rfe8 18. Nf2 Bxf1 19. Kxf1 Nd5 20. g3 Ndb4 21.
Re2 f6 22. e6 f5 23. Rc1 a5 24. Bb2 Rd6 25. a3 Na6 26. g4 Rdxe6 27. Rxe6 Rxe6
28. gxf5 Re3 29. Rc3 Rxc3 30. Bxc3 Nc5 31. f6 Nxb3 32. fxg7 Nbd4 33. Ne4 Ne6 34.
Kf2 Nxg7 35. Nf6+ Kf7 36. Nd5 Ne8 37. f5 Nd6 38. Kf3 Nxf5 39. Nxc7 Nd6 40. Bd2
Kg6 41. Bf4 Nc4 42. Nb5 h5 43. Ke4 Kf6 44. Bc1 Ke6 45. Bf4 Kf6 46. Kd5 Kf5 47.
Bc7 Ne3+ 48. Kc5 a4 49. Nd6+ Kg5 50. Nxb7 Nc2 51. Kxc6 Kh4 52. Kb5 Nxa3+ 53.
Kxa4 Nc2 54. Nc5 Kxh3 1/2-1/2

[Event "Hasselbacken Open 2016"]
[Site "Stockholm SWE"]
[Date "2016.05.02"]
[Round "3.11"]
[White "Van Foreest, Lucas"]
[Black "Sasikiran, Krishnan"]
[Result "0-1"]
[BlackTitle "GM"]
[WhiteElo "2368"]
[BlackElo "2643"]
[WhiteFideId "1039792"]
[BlackFideId "5004985"]
[EventDate "2016.04.30"]

1. e4 g6 2. c3 Bg7 3. d4 d6 4. Nf3 Nf6 5. Bd3 O-O 6. O-O Nbd7 7. Nbd2 e5 8. Re1
Re8 9. Bc2 b6 10. a4 a5 11. Nb1 Bb7 12. d5 Qc8 13. Na3 Bf8 14. Nb5 h6 15. b4 c6
16. dxc6 Qxc6 17. Ba3 d5 18. exd5 Nxd5 19. Be4 N7f6 20. c4 Qxc4 21. Rc1 Qxe4 22.
Rxe4 Nxe4 23. bxa5 Bxa3 24. Nxa3 bxa5 25. Nb5 Rad8 26. Qb3 Nf4 27. Rd1 Nc5 28.
Qc2 Be4 29. Rxd8 Rxd8 0-1

[Event "Hasselbacken Open 2016"]
[Site "Stockholm SWE"]
[Date "2016.05.02"]
[Round "3.12"]
[White "Mareco, Sandro"]
[Black "Nihal, Sarin"]
[Result "1-0"]
[WhiteTitle "GM"]
[BlackTitle "FM"]
[WhiteElo "2625"]
[BlackElo "2351"]
[WhiteFideId "112275"]
[BlackFideId "25092340"]
[EventDate "2016.04.30"]

1. Nf3 c5 2. c4 Nc6 3. d4 cxd4 4. Nxd4 Nf6 5. Nc3 e6 6. a3 Bc5 7. Nb3 Bb6 8. Bf4
d5 9. e3 O-O 10. Be2 dxc4 11. Bxc4 Na5 12. Nxa5 Bxa5 13. b4 Bc7 14. Qxd8 Bxd8
15. O-O-O Bd7 16. Kb2 a6 17. Bd6 Re8 18. f3 Rc8 19. Bb3 Nd5 20. Nxd5 exd5 21.
Bc5 Bf6+ 22. Ka2 d4 23. Bxd4 Be6 24. Bxe6 Rxe6 25. Rc1 Rce8 26. Ba7 h5 27. e4
Rd8 28. Rhd1 Red6 29. Rxd6 Rxd6 30. Rc2 g5 31. Be3 Rd3 32. Bc1 Kg7 33. Rd2 Re3
34. h3 g4 35. hxg4 hxg4 36. Rc2 Re1 37. Bd2 Rd1 38. fxg4 b5 39. Bc1 Re1 40. g5
Bd4 41. Rc6 Rxe4 42. Rxa6 Re1 43. Rc6 Re2+ 44. Kb3 Rxg2 45. Rd6 Rg3+ 46. Kc2
Rg2+ 47. Kd3 Bb2 48. Bxb2+ Rxb2 49. Rb6 Rb3+ 50. Kd4 Rxa3 51. Rxb5 Kg6 52. Rd5
Ra8 53. b5 Ra4+ 54. Kc5 Ra1 55. b6 Rc1+ 56. Kd6 Rb1 57. Kc6 f5 58. gxf6 Kxf6 59.
b7 Ke7 60. Rb5 1-0

[Event "Hasselbacken Open 2016"]
[Site "Stockholm SWE"]
[Date "2016.05.02"]
[Round "3.13"]
[White "Cramling, Dan"]
[Black "Bachmann, Axel"]
[Result "0-1"]
[WhiteTitle "IM"]
[BlackTitle "GM"]
[WhiteElo "2354"]
[BlackElo "2621"]
[WhiteFideId "1700162"]
[BlackFideId "3700488"]
[EventDate "2016.04.30"]

1. d4 g6 2. c4 Bg7 3. e4 d6 4. Nc3 e5 5. dxe5 Bxe5 6. Nf3 Bg7 7. Bg5 Bf6 8. Be3
Nd7 9. Be2 Ne7 10. Bh6 Ng8 11. Be3 Ne7 12. Qd2 Nc6 13. Bh6 Nb6 14. Nd5 Bg4 15.
Nxf6+ Qxf6 16. Rc1 Nd7 17. O-O Nc5 18. Bg5 Qg7 19. Bh6 Qf6 20. Bg5 Qg7 21. Qf4
Bxf3 22. Bf6 Ne6 23. Qxf3 Ne5 24. Bxg7 Nxf3+ 25. Bxf3 Nxg7 26. e5 dxe5 27. Bxb7
Rb8 28. Bc6+ Ke7 29. b3 Ne6 30. Rfe1 f6 31. Rcd1 Rhd8 32. Bd5 Nc5 33. Bf3 Nd3
34. Re3 Nb4 35. Rxd8 Rxd8 36. a3 Nc2 37. Rc3 Rd2 38. b4 e4 0-1

[Event "Hasselbacken Open 2016"]
[Site "Stockholm SWE"]
[Date "2016.05.02"]
[Round "3.14"]
[White "Lokander, Martin"]
[Black "Landa, Konstantin"]
[Result "0-1"]
[WhiteTitle "FM"]
[BlackTitle "GM"]
[WhiteElo "2348"]
[BlackElo "2618"]
[WhiteFideId "1709569"]
[BlackFideId "4101685"]
[EventDate "2016.04.30"]

1. d4 d5 2. c4 e6 3. Nf3 Nf6 4. Nc3 Nbd7 5. Bf4 dxc4 6. e3 b5 7. Nxb5 Bb4+ 8.
Nc3 Nd5 9. a3 Bxc3+ 10. bxc3 Nxf4 11. exf4 Nb6 12. Bxc4 Qd6 13. Ne5 O-O 14. Bd3
Nd5 15. Qf3 f6 16. Qh5 h6 17. Ng6 Nxf4 18. Nxf4 Qxf4 19. Qg6 f5 20. Qg3 Qxg3 21.
hxg3 Rb8 22. Kd2 Rb2+ 23. Bc2 Ba6 24. Rhb1 Rfb8 25. Kc1 Rxb1+ 26. Rxb1 Rxb1+ 27.
Bxb1 Bf1 28. Ba2 Kf7 29. d5 Bxg2 30. dxe6+ Kf6 31. Kd2 Bb7 32. f4 Bc8 33. Ke3
Bxe6 34. Bb1 Bb3 35. Bd3 Ke6 36. Kd4 Bd5 37. Be2 Be4 38. Bd1 Kd6 39. Bh5 g5 40.
Bg6 gxf4 41. gxf4 Ke6 42. Bh5 Bg2 43. Kc5 Bh3 44. Bf3 Bg4 45. Bg2 h5 46. a4 h4
47. a5 h3 48. Bf1 h2 49. Bg2 Bd1 0-1

[Event "Hasselbacken Open 2016"]
[Site "Stockholm SWE"]
[Date "2016.05.02"]
[Round "3.15"]
[White "Maze, Sebastien"]
[Black "Bellon Lopez, Juan Manuel"]
[Result "1-0"]
[WhiteTitle "GM"]
[BlackTitle "GM"]
[WhiteElo "2617"]
[BlackElo "2345"]
[WhiteFideId "613762"]
[BlackFideId "2200031"]
[EventDate "2016.04.30"]

1. e4 c5 2. Nf3 e6 3. d4 cxd4 4. Nxd4 Nf6 5. Nc3 Nc6 6. g3 a6 7. Nxc6 bxc6 8. e5
Nd5 9. Ne4 Qc7 10. f4 Qa5+ 11. c3 Be7 12. Bd3 Qb6 13. Qe2 Bb7 14. a3 c5 15. c4
f5 16. Nf2 Nc7 17. Rg1 g6 18. Bd2 a5 19. Bc3 h5 20. O-O-O Na6 21. Bc2 Nb8 22.
Ba4 Nc6 23. Rd6 Bxd6 24. exd6 O-O-O 25. Bxh8 Rxh8 26. Bxc6 Bxc6 27. Qe5 Rd8 28.
Nd3 Qb3 29. Kd2 Kb8 30. Qxc5 Rc8 31. Qxa5 Be4 32. Qb5+ Qxb5 33. cxb5 Rc4 34. Nb4
Rd4+ 35. Ke3 Rxd6 36. a4 Rb6 37. Rd1 Kc7 38. Na6+ Kd8 39. Nc5 Bd5 40. Rd4 d6 41.
Nd3 Be4 42. Nf2 Bg2 43. Nd1 Kd7 44. Nc3 Rb8 45. a5 Ra8 46. b4 Rc8 47. Kd2 Bf1
48. b6 Rc4 49. Nb5 Rxd4+ 50. Nxd4 e5 51. fxe5 dxe5 52. Nf3 e4 53. Ne5+ Kd6 54.
Nxg6 Ba6 55. Nf4 Kc6 56. Nxh5 Kb5 57. Kc3 1-0

[Event "Hasselbacken Open 2016"]
[Site "Stockholm SWE"]
[Date "2016.05.02"]
[Round "3.16"]
[White "Levushkina, Elena"]
[Black "Bok, Benjamin"]
[Result "0-1"]
[WhiteTitle "WGM"]
[BlackTitle "GM"]
[WhiteElo "2336"]
[BlackElo "2604"]
[WhiteFideId "14200686"]
[BlackFideId "1017063"]
[EventDate "2016.04.30"]

1. e4 c5 2. c3 Nf6 3. e5 Nd5 4. Nf3 Nc6 5. Bc4 Nb6 6. Bb3 d5 7. exd6 Qxd6 8. Na3
a6 9. O-O Bf5 10. d4 cxd4 11. Nxd4 Nxd4 12. cxd4 e6 13. Qf3 Qc6 14. Qxc6+ bxc6
15. Be3 Bd6 16. Rfc1 Kd7 17. Bd2 a5 18. Bd1 Be4 19. Nb1 Rhb8 20. Be2 a4 21. Nc3
Bg6 22. Nd1 Nd5 23. Rc4 Rb6 24. Rac1 Nf4 25. Bf3 Raa6 26. Bxf4 Bxf4 27. R1c3 Bd2
28. Ra3 Bb4 29. Re3 Bb1 30. Be2 Ra7 31. a3 Be7 32. Rc1 Bg6 33. g3 Bg5 34. f4 Bf6
35. Rc4 Bb1 36. Nc3 Bc2 37. Ne4 Bxe4 38. Rxe4 Rxb2 39. Kf2 Ra2 40. Re3 Be7 41.
Rcc3 Ra5 42. Kf3 g5 43. h3 gxf4 44. gxf4 Bd6 45. Bd1 h5 46. Ke4 Rd2 47. Red3 Rh2
48. Rf3 Rh1 49. Bc2 Ra1 50. Rfd3 f5+ 51. Kf3 Rf1+ 52. Ke2 Rxf4 53. Rc4 c5 54.
Rxa4 Rxa4 55. Bxa4+ Ke7 56. dxc5 Bxc5 57. Bc6 Rf2+ 58. Kd1 Ra2 59. a4 e5 60.
Rd7+ Kf6 61. Rh7 Kg6 62. Rh8 e4 63. Be8+ Kf6 64. Bxh5 Rxa4 65. Rc8 Ra1+ 66. Kc2
Be3 67. Re8 Rh1 68. Bg4 Bc5 69. Be2 Rxh3 70. Rc8 Bd6 71. Re8 Be7 72. Ra8 Rh2 73.
Kd1 Rh1+ 74. Kc2 Bc5 75. Re8 Be3 76. Ba6 Rc1+ 77. Kb3 Rc7 78. Bc8 Bc5 79. Ba6
Be7 80. Rc8 Rxc8 81. Bxc8 Ke5 82. Kc3 f4 83. Kd2 f3 84. Ba6 Kf4 85. Bb7 e3+ 0-1

[Event "Hasselbacken Open 2016"]
[Site "Stockholm SWE"]
[Date "2016.05.02"]
[Round "3.17"]
[White "Goganov, Aleksey"]
[Black "Welling, Gerard"]
[Result "1-0"]
[WhiteTitle "GM"]
[BlackTitle "IM"]
[WhiteElo "2591"]
[BlackElo "2336"]
[WhiteFideId "24109959"]
[BlackFideId "1000446"]
[EventDate "2016.04.30"]

1. d4 d5 2. c4 c6 3. Nf3 Nf6 4. e3 g6 5. Nc3 Bg7 6. Be2 O-O 7. O-O a6 8. a4 a5
9. cxd5 cxd5 10. Qb3 Nc6 11. Bd2 Ne4 12. Be1 Nb4 13. Nxe4 dxe4 14. Ng5 e5 15.
Nxf7 Rxf7 16. Bc4 Qe7 17. Bxb4 axb4 18. dxe5 Bxe5 19. f4 Bf6 20. Rac1 Kg7 21.
Bxf7 Qxf7 22. Qxf7+ Kxf7 23. Rc7+ Be7 24. Rfc1 Be6 25. Rxb7 Bd5 26. Rb5 Ke6 27.
a5 Bd6 28. g4 Bb3 29. f5+ gxf5 30. gxf5+ Kd7 31. Rb7+ Kd8 32. Rc6 Bf8 33. Rb5
Kd7 34. Rf6 Be7 35. Rb7+ Ke8 36. Rh6 Bg8 37. f6 Bc5 38. Kf2 Rxa5 39. Rb8+ Kf7
40. Rb7+ 1-0

[Event "Hasselbacken Open 2016"]
[Site "Stockholm SWE"]
[Date "2016.05.02"]
[Round "3.18"]
[White "Koepke, Christian"]
[Black "Sevian, Samuel"]
[Result "0-1"]
[WhiteTitle "IM"]
[BlackTitle "GM"]
[WhiteElo "2313"]
[BlackElo "2589"]
[WhiteFideId "4655737"]
[BlackFideId "2040506"]
[EventDate "2016.04.30"]

1. e4 e5 2. Nf3 Nc6 3. Bb5 a6 4. Ba4 g6 5. d4 exd4 6. Bg5 Be7 7. Bxe7 Ngxe7 8.
Nxd4 b5 9. Nxc6 Nxc6 10. Bb3 O-O 11. Nc3 d6 12. Qd2 Be6 13. O-O Re8 14. Rae1 Rb8
15. f4 Qf6 16. f5 gxf5 17. Kh1 Qd4 18. Qc1 Kh8 19. Rd1 Qg7 20. exf5 Bxb3 21.
axb3 b4 22. Nd5 Re2 23. Nf4 Rg8 24. Rg1 Re4 25. Rde1 Qe5 26. Rxe4 Qxe4 27. f6
Ne5 28. Qd2 Qf5 29. Nd5 Ng4 30. Re1 Nf2+ 31. Kg1 Ne4 32. Qd4 Ng5 33. Kh1 Qxc2
34. Ne7 Nf3 35. Nxg8 Nxd4 36. Nh6 Ne2 37. Nxf7+ Kg8 38. Ng5 h6 39. f7+ Kf8 0-1

[Event "Hasselbacken Open 2016"]
[Site "Stockholm SWE"]
[Date "2016.05.02"]
[Round "3.19"]
[White "Rydstrom, Tom"]
[Black "Stefansson, Hannes"]
[Result "0-1"]
[WhiteTitle "FM"]
[BlackTitle "GM"]
[WhiteElo "2302"]
[BlackElo "2581"]
[WhiteFideId "1714830"]
[BlackFideId "2300087"]
[EventDate "2016.04.30"]

1. e4 c5 2. Nf3 e6 3. d4 cxd4 4. Nxd4 Nc6 5. Nc3 Qc7 6. f4 a6 7. Nxc6 bxc6 8.
Bd3 d5 9. Qf3 Nf6 10. O-O Be7 11. Kh1 Bb7 12. b3 c5 13. e5 Nd7 14. Bd2 g6 15.
Rae1 Nb6 16. a4 c4 17. a5 cxd3 18. axb6 Qxb6 19. Qxd3 Bc6 20. Be3 Bc5 21. Bxc5
Qxc5 22. Qd2 Rc8 23. Rf2 O-O 24. b4 Qb6 25. Rf3 Qxb4 26. Rh3 f5 27. Rb1 Qa5 28.
Qf2 Bd7 29. Qe1 Rf7 30. Ra1 Qb4 31. Rf3 Bb5 32. Rb1 Qa5 33. Ra1 Qb6 34. h4 Bc6
35. Rh3 d4 36. Ne2 Be4 37. h5 g5 38. fxg5 Rxc2 39. g6 Rg7 40. Nf4 d3 41. Qb1 Rb2
42. Qd1 Qf2 43. Qf1 Qxf1+ 44. Rxf1 hxg6 45. Rc1 Rc2 46. Rb1 d2 0-1

[Event "Hasselbacken Open 2016"]
[Site "Stockholm SWE"]
[Date "2016.05.02"]
[Round "3.20"]
[White "Ziegler, Ari"]
[Black "Vorobiov, Evgeny E."]
[Result "0-1"]
[WhiteTitle "IM"]
[BlackTitle "GM"]
[WhiteElo "2296"]
[BlackElo "2572"]
[WhiteFideId "1700987"]
[BlackFideId "4121341"]
[EventDate "2016.04.30"]

1. e4 c5 2. Nf3 d6 3. d4 cxd4 4. Nxd4 Nf6 5. Nc3 a6 6. h3 e6 7. g4 d5 8. exd5
Nxd5 9. Nde2 Bb4 10. Bd2 Nxc3 11. Nxc3 Bd7 12. Bg2 Bc6 13. O-O Bxg2 14. Kxg2 Nc6
15. a3 Be7 16. Ne4 Qd5 17. f3 Rd8 18. Bc3 Qb5 19. Qe1 O-O 20. a4 Qb6 21. Qf2 Qc7
22. Qg3 e5 23. Rf2 Bb4 24. Re1 Qa5 25. g5 Bxc3 26. Nxc3 Qb4 27. Re3 Qxb2 28. Ne4
Qc1 29. Rd3 Rxd3 30. cxd3 Qe3 31. h4 Kh8 32. h5 f5 33. gxf6 gxf6 34. Kh3 Qh6 35.
Qh4 Nd4 36. Nd6 f5 37. Nc4 Qe6 38. f4 Nc6 39. Rg2 exf4 40. Qxf4 Rd8 41. Qf3 b5
42. axb5 axb5 43. Re2 Qf6 44. Ne3 Nd4 45. Nd5 Nxf3 0-1

[Event "Hasselbacken Open 2016"]
[Site "Stockholm SWE"]
[Date "2016.05.02"]
[Round "3.21"]
[White "Burmakin, Vladimir"]
[Black "Ornstein, Axel"]
[Result "1-0"]
[WhiteTitle "GM"]
[BlackTitle "IM"]
[WhiteElo "2554"]
[BlackElo "2325"]
[WhiteFideId "4105109"]
[BlackFideId "1700111"]
[EventDate "2016.04.30"]

1. d4 Nf6 2. Nf3 g6 3. Bf4 Bg7 4. e3 O-O 5. Be2 d6 6. O-O Nh5 7. Bg5 h6 8. Bh4
g5 9. Nfd2 Nf6 10. Bg3 c5 11. c3 Nc6 12. a4 Bf5 13. Na3 cxd4 14. exd4 Ne4 15.
Nxe4 Bxe4 16. Re1 d5 17. Bd3 Bxd3 18. Qxd3 Qd7 19. f4 f5 20. Re2 Rae8 21. Nc2 e6
22. Ne1 g4 23. Qb5 a6 24. Qb6 Bf6 25. Nd3 Rf7 26. Rae1 Qc8 27. Nc5 Rfe7 28. b4
Kf7 29. b5 axb5 30. axb5 Qd8 31. Qxd8 Nxd8 32. b6 Nc6 33. Ra2 Rc8 34. Bf2 Nd8
35. Kf1 Re8 36. Ra7 Re7 37. Raa1 Rc6 38. Ra8 Ke8 39. Rb1 Rg7 40. Rb8 h5 41. Be3
h4 42. Ke2 h3 43. g3 Re7 44. Kd3 Rd6 45. Bc1 Rc6 46. Ba3 Rh7 47. Re1 Re7 48. Bb4 1-0

[Event "Hasselbacken Open 2016"]
[Site "Stockholm SWE"]
[Date "2016.05.02"]
[Round "3.22"]
[White "Backlund, Anders"]
[Black "Van Foreest, Jorden"]
[Result "0-1"]
[BlackTitle "GM"]
[WhiteElo "2287"]
[BlackElo "2551"]
[WhiteFideId "1702718"]
[BlackFideId "1039784"]
[EventDate "2016.04.30"]

1. e4 c5 2. Nf3 e6 3. d4 cxd4 4. Nxd4 Nc6 5. Nb5 d6 6. c4 Nf6 7. N1c3 a6 8. Na3
Be7 9. Be2 O-O 10. O-O b6 11. Be3 Bb7 12. Qd2 Ne5 13. f3 Rc8 14. Rfd1 Re8 15.
Rac1 Qc7 16. Qe1 Bd8 17. Qf2 Nfd7 18. Kh1 Qb8 19. Bf1 Ba8 20. Qd2 Bc7 21. Nc2
Nf6 22. Nb4 Bb7 23. c5 dxc5 24. Nxa6 Bxa6 25. Bxa6 Rcd8 26. Qe2 Ng6 27. Bg1 Nh5
28. Bb5 Rf8 29. Rxd8 Qxd8 30. Qe1 Qf6 31. Rd1 Nh4 32. Bf1 g5 33. Rd7 Be5 34. Qd2
Ng3+ 35. hxg3 Qh6 36. Bh2 Bxg3 37. Kg1 Bxh2+ 38. Kf2 Qf6 39. e5 Qxe5 40. Ne4 Bf4
41. Qc3 Nf5 42. Qxe5 Bxe5 43. b3 h6 44. g4 Nd4 45. Nd2 b5 46. a4 Bf4 47. Ne4
bxa4 48. bxa4 Rb8 49. Bb5 Nxb5 50. axb5 Rxb5 0-1

[Event "Hasselbacken Open 2016"]
[Site "Stockholm SWE"]
[Date "2016.05.02"]
[Round "3.23"]
[White "Tari, Aryan"]
[Black "Aronsson, Marten"]
[Result "1/2-1/2"]
[WhiteTitle "IM"]
[WhiteElo "2549"]
[BlackElo "2304"]
[WhiteFideId "1510045"]
[BlackFideId "1724223"]
[EventDate "2016.04.30"]

1. e4 e5 2. Nf3 Nc6 3. Bc4 Nf6 4. d3 h6 5. O-O d6 6. c3 g6 7. d4 Qe7 8. Nbd2 Bg7
9. Re1 O-O 10. a4 Nd7 11. Nf1 Nb6 12. Bb5 exd4 13. cxd4 Bg4 14. Bxc6 bxc6 15.
Ra3 Nd7 16. h3 Bxf3 17. Rxf3 c5 18. dxc5 Nxc5 19. b4 Ne6 20. Ne3 c6 21. Nc4 Rfd8
22. Rd3 c5 23. Ba3 Bd4 24. Bc1 Bg7 25. bxc5 dxc5 26. Rd5 Qb7 27. Be3 Bd4 28. Qb1
Qa6 29. Qc2 Kh7 30. Rb1 Qc6 31. Na5 Qa6 32. Nb7 Bxe3 33. Nxd8 Nd4 34. Qb2 Ne2+
35. Kh2 Bxf2 36. Qb7 Qf6 37. Qxf7+ Qxf7 38. Nxf7 Bg3+ 39. Kh1 Nc3 40. Rb7 Nxd5
41. exd5 Rb8 42. Ng5+ Kg8 43. Rxb8+ Bxb8 44. Ne4 c4 45. Kg1 Kf7 46. Kf2 Ke7 47.
Ke3 Be5 48. Nd2 c3 49. Ne4 Bg7 50. a5 a6 51. Kd3 Be5 52. Nc5 Kd6 53. Nxa6 Kxd5
54. Nb4+ Kc5 55. a6 Kb6 56. a7 Kb7 57. Nd5 Kxa7 58. Nxc3 Kb7 59. Nd5 Bd6 1/2-1/2

[Event "Hasselbacken Open 2016"]
[Site "Stockholm SWE"]
[Date "2016.05.02"]
[Round "3.24"]
[White "Urkedal, Frode"]
[Black "Bergstrom, Rolf"]
[Result "1-0"]
[WhiteTitle "IM"]
[BlackTitle "FM"]
[WhiteElo "2549"]
[BlackElo "2298"]
[WhiteFideId "1506102"]
[BlackFideId "1702386"]
[EventDate "2016.04.30"]

1. d4 Nf6 2. c4 e6 3. Nc3 Bb4 4. e3 b6 5. Ne2 Ne4 6. Qc2 Bb7 7. a3 Bxc3+ 8. Nxc3
Nxc3 9. Qxc3 d6 10. c5 O-O 11. b4 Qf6 12. Bb2 a5 13. cxd6 cxd6 14. Qc7 Bd5 15.
b5 Qd8 16. Rc1 f5 17. f3 Qxc7 18. Rxc7 Rf7 19. Rc8+ Rf8 20. Rxf8+ Kxf8 21. Bd3
Nd7 22. e4 fxe4 23. fxe4 Bb7 24. O-O+ Kg8 25. a4 Nf6 26. e5 dxe5 27. dxe5 Nd5
28. Be4 Rb8 29. Ba3 Ne3 30. Rf4 Bxe4 31. Rxe4 Nd5 32. Rc4 Kf7 33. Rc6 Rb7 34.
Kf2 Rc7 35. Ke2 Rxc6 36. bxc6 Ke8 37. Kd3 Kd8 38. Bd6 Nb4+ 39. Kc4 Nxc6 40. Kb5
Nd4+ 41. Kxb6 Nb3 42. Bf8 g6 43. Bh6 Kd7 44. Be3 Ke7 45. Kb5 1-0

[Event "Hasselbacken Open 2016"]
[Site "Stockholm SWE"]
[Date "2016.05.02"]
[Round "3.25"]
[White "Hess, Christian1"]
[Black "Greenfeld, Alon"]
[Result "0-1"]
[WhiteTitle "FM"]
[BlackTitle "GM"]
[WhiteElo "2241"]
[BlackElo "2541"]
[WhiteFideId "4605969"]
[BlackFideId "2800039"]
[EventDate "2016.04.30"]

1. Nf3 Nf6 2. c4 c5 3. Nc3 e6 4. e3 a6 5. d4 d5 6. cxd5 exd5 7. dxc5 Bxc5 8. Be2
O-O 9. O-O Nc6 10. a3 Bg4 11. b4 Ba7 12. Bb2 Rc8 13. b5 axb5 14. Nxb5 Bb8 15.
Rc1 Ne4 16. Nfd4 Bd7 17. Nf3 Bg4 18. Nfd4 Be6 19. Bf3 Qg5 20. g3 Qh6 21. Bg2 Ne5
22. Nxe6 Rxc1 23. Qxc1 fxe6 24. Bxe5 Bxe5 25. Bxe4 dxe4 26. Qc4 Qg6 27. Rd1 Qf5
28. Rd2 h5 29. Nd4 Bxd4 30. Qxd4 h4 31. Qd6 h3 32. Rc2 Qf6 33. Kf1 Rd8 0-1

[Event "Hasselbacken Open 2016"]
[Site "Stockholm SWE"]
[Date "2016.05.02"]
[Round "3.26"]
[White "Libiszewski, Fabien"]
[Black "Grandell, Anders"]
[Result "1-0"]
[WhiteTitle "GM"]
[BlackTitle "FM"]
[WhiteElo "2520"]
[BlackElo "2290"]
[WhiteFideId "616834"]
[BlackFideId "1709771"]
[EventDate "2016.04.30"]

1. e4 c5 2. Nc3 g6 3. d4 Bg7 4. dxc5 Bxc3+ 5. bxc3 Nf6 6. Bd3 Qa5 7. Ne2 Qxc5 8.
Be3 Qa5 9. Qd2 O-O 10. O-O d6 11. Rfb1 Nbd7 12. f3 Qc7 13. a4 Ne5 14. a5 Nc4 15.
Bxc4 Qxc4 16. Nf4 Qc7 17. Rb4 Bd7 18. Nd5 Nxd5 19. exd5 Rfc8 20. Ra3 h5 21. Rh4
Qd8 22. Rb4 b6 23. axb6 axb6 24. Bxb6 Qf8 25. Rxa8 Rxa8 26. Bd4 Bf5 27. c4 Rb8
28. Rb5 Qe8 29. Qb4 Rc8 30. c5 dxc5 31. Bxc5 Bxc2 32. Bxe7 Bd3 33. Rb7 Bf5 34.
Qf4 Bd7 35. d6 Ra8 36. h3 Kh7 37. Rxd7 1-0

[Event "Hasselbacken Open 2016"]
[Site "Stockholm SWE"]
[Date "2016.05.02"]
[Round "3.27"]
[White "Kucuksari, Kaan"]
[Black "Mikhalevski, Victor"]
[Result "0-1"]
[BlackTitle "GM"]
[WhiteElo "2125"]
[BlackElo "2516"]
[WhiteFideId "6380166"]
[BlackFideId "2801914"]
[EventDate "2016.04.30"]

1. d4 Nf6 2. Nf3 e6 3. c4 d5 4. g3 dxc4 5. Bg2 a6 6. a4 Nc6 7. O-O Rb8 8. Nc3
Bb4 9. Re1 Na5 10. e3 O-O 11. Qe2 b5 12. axb5 axb5 13. Ne5 Nd7 14. Nc6 Nxc6 15.
Bxc6 Nf6 16. Rd1 Bxc3 17. bxc3 Nd5 18. Qd2 Rb6 19. Ba8 Ba6 20. Bxd5 exd5 21. f3
Re8 22. Qf2 h5 23. Re1 Bb7 24. Ba3 Rf6 25. Ra2 Bc8 26. Qg2 Bf5 27. Bc5 Qd7 28.
e4 Bh3 29. Qe2 dxe4 30. fxe4 Qc6 31. Qe3 Rxe4 0-1